000 01208nam a2200325 a 4500
001 vtls000184323
003 NLI
005 20210602111205.0
008 101125s1967 ii m 001 0 eng
020 _cRs. 25.00
039 9 _y201011252217
_zVLOAD
040 _aNLI
_beng
_cDatasoft 1
_eAACR2
041 0 _aeng
044 _aii
082 0 4 _a325.2540942
100 1 _aAurora, G. S.
_q(Gurdip Singh),
_d1931-
_9352961
245 1 4 _aThe new frontiersmen :
_ba sociological study of Indian immigrants in the United Kingdom /
_cby G. S. Aurora
260 _aBombay :
_bPopular Prakashan,
_c1967
300 _axv, 176 p. ;
_c23 cm.
500 _a"The book is formed of the bulk of a thesis submitted to the London University for an M.Sc. Degree in Economics."
504 _aIncludes bibliographical references and index
650 0 _aSikhs
_zGreat Britain
_9324033
651 0 _aGreat Britain
_xEthnic relations
887 _a
901 _aDB11399
_b18.01.1968
902 _aE 325.2540942 Au 68
942 _2ddc
_cBKS
949 _AVIRTUAITEM
_D10000
_X100
_6DBA000011399ENG
999 _aVIRTUA40
_c190403
_d190403
999 _aVTLSSORT0080*0200*0400*0410*0440*0820*1000*2450*2600*3000*5000*5040*6500*6510*9010*9020*9490*9991